000 00784nam a2200253Ia 4500
003 OSt
005 20220928114740.0
006 a|||||r|||| 00| 0
007 ta
008 220927b |||||||| |||| 00| 0 eng d
020 _c750
024 _a109448
037 _b695, 22/09/2010, Insat Books and Periodicals
_cTextual
040 _aSDCL
_cSDCL
_beng
041 _2eng
_aeng
082 _aX.277'P, QO
100 _aBhattacharjee J B Ed.
_9440745
245 0 _aState and economy in pre-colonial Manipur.
260 _aNew Delhi
_bAkansha Publishing
_c2010
300 _ax,248p
_ccm.
650 _aBusiness Economics
_9391653
942 _hX.277'P, QO
_cTEXL
_2CC
999 _c756277
_d756277